Normal view
MARC view
- sreeja ( guide)
Entry Personal Name
001 - CONTROL NUMBER
- control field: 5117
003 - CONTROL NUMBER IDENTIFIER
- control field: OSt
005 - DATE AND TIME OF LATEST TRANSACTION
- control field: 20211029142112.0
008 - FIXED-LENGTH DATA ELEMENTS
- fixed length control field: 211029|| aca||aabn | a|a d
040 ## - CATALOGING SOURCE
- Original cataloging agency: OSt
- Transcribing agency: OSt
100 ## - HEADING--PERSONAL NAME
- Personal name: sreeja ( guide)
670 ## - SOURCE DATA FOUND
- Source citation: Work cat.: (OSt): E S Ananthakrishnan 5116, Optimization of Microwave Assisted process for extraction of Pepper Mint Essential Oil, 2020
